000 00811nam a2200265Ia 4500
001 21923
005 20260320113325.0
008 260320s9999||||xx |||||||||||||| ||und||
041 _aESP
082 _aHR 260 N° 27 2009
_bRT
100 _a
_e
110 _aUniversidad Católica de Santa María
245 0 _aRevista de teología
_b
246 _a
_5
_b
260 _aArequipa :
_bInstituto de Investigación y Formación Teológica de Arequipa "William Morris",
_c2009
300 _a84 páginas :
_b
_c21 cm.
_e
440 _a
_n
_v
505 _aN° 27 (Dic. 2009)
650 _aREL
653 _aTeología - Revista
654 _aCHU
700 _a
_c
856 _uhttps://0u20jlrvz-y-https-www-jstor-org.itmsp.museknowledge.com/
_zVéase además: Base de datos JSTOR
942 _cREV
_dJUS
_fMAT
_2ddc
_n
999 _c21923
_d21923